000 00277nam a22001337a 4500
008 170727b xxu||||| |||| 00| 0 eng d
020 _a3772383114
041 _aeng
080 _a004
100 _a31
101 _aSHKI
245 _aDAS MODEM-BUCH
_cSCHON
942 _2udc
_cBK
999 _c22037
_d22037